000 00873aam a2200301 i 4500
001 768714001
003 CO-MdFUSB
005 20250502112819.0
007 ta
008 250502t1984 sp |||| |||| 00| 0 spa d
020 _a84-7228-915-X
040 _cCO-MdFUSB
041 0 _aspa
082 0 4 _223
_a240
_bG6621c
100 1 _aGordon, A. J. (Adoniram Judson) (1836-1895)
_eautor
245 1 0 _aEn Cristo :
_bla unión del creyente con su creador
_c/ A. J. Gordon ; traducido por Sara Hale
264 1 _bClie,
_aTerrassa, Barcelona, España :
_c[1984]
264 4 _c©1984
300 _a134 páginas
336 _atexto
_btxt
_2rdacontent
337 _2rdamedia
_asin mediación
_bn
338 _2rdacarrier
_avolumen
_bnc
563 _arústico
650 7 _aCristología
_9239
700 _aHale, Sara A.‏
_96541
_etraductor
942 _cBK
945 _aJTF-925
999 _c35318
_d35318